000
00240 a2200097 4500
001
53152
100
_a
Pickett, N A
245
_a
Technical English Writing, Reading & Speaking
260
_a
New York
_b
Harper & Row
_c
090
_c
33439
_d
33439
942
_a
NUST-CAE
_c
M
_c
26046
999
_c
288225
_d
288225